000 01696cam a22004694i 4500
003 PE-LiUPU
005 20250731173529.0
008 150616s1995 ilu rb 000 0 eng d
035 _a(Sirsi) a8685
040 _aPE-LiUPU
_bspa
_cPE-LiUPU
_erda
049 _aPRUA
082 0 4 _a239
_bP51
_221
100 1 _aPhillips, Timothy R.,
_eautor.
245 1 0 _aChristian Apologetics in the Postmodern World /
_cTimothy R. Phillips.
264 1 _aIllinois :
_bInterVarsity Press,
_c1995.
300 _a238 páginas ;
_c23 centímetros
336 _atext
_2rdacontent
337 _aunmediated
_2rdamedia
338 _avolume
_2rdacarrier
500 _aCristianismo - Evidencias
_bVéase
_cAPOLOGETICA.
504 _aIncluye bibliografía.
505 0 _aDefinitions: Apologetics and postmodernity -- The apologetics of modernity -- Apologetics between modernity and postmodernity -- The apologetics postmodernity -- The church in a postmodern setting.
526 _aSEG42
526 _aSEG41
526 _aSEG40
526 _aSEG39
526 _aP94
526 _aP87
526 _aP86
526 _aP85
526 _aP77
526 _aP76
526 _aP35
650 0 4 _aApologetica.
_92321
910 _ajck
_bjvq
_cjck
942 _2ddc
_cBOOK
949 _a239 P51
_wDEWEY
_c1
_i42226
_lCCODEBUL1
_mBUL
_p00.00
_r0
_sY
_tBOOK
_u19970121
_xTEOLOGIA
_zUNKNOWN
_0COMPRA
_o.STAFF. Colección General
994 _aC0
_bPEPRU
596 _a1
999 _a239 P51
_wDEWEY
_c60056
_i42226
_f2021-11-10
_g5
_lCCODEBUL1
_mBUL
_p17.60
_r0
_sY
_tBOOK
_u2015-6-16
_xTEOLOGIA
_PP35
_0COMPRA
_o.STAFF. Colección Teología
_d60056
980 _81
_gALBERTO SANCHEZ Responsable de Automatización